00463nam a2200133Ia 4500082001200000100001800012245013100030260003200161300001000193650004400203650002000247650004000267710002200307 aTG.0300 aGulrukh Begum 0aAge changes in some somatometric characters with reference to nutritional status of Assamese muslims of Kamrup district, Assam c1994bUniversity of Gauhati a480p. aMUSLIMS, ASSAMESE - NUTRITIONAL ASPECTS aGROWTH FACTORS  aNUTRITION - ASSAM - KAMRUP DISTRICT aChoudhry, Bapukan